000 00374nam a2200109Ia 4500
008 240129s9999 xx 000 0 und d
100 _aSONI, DHERESH
245 2 _aA STUDY TO IMPROVE SECURE DATA COMMUNICATION IN CLIENT- CLOUD ENVIRONMENT WITH DATA ALERT PROTOCOL
260 _bMEWAR UNIVERSITY, CHITTORGARH
_c2021
650 _aComputer Science & Engineering
942 _cTHE
999 _c218984
_d218984